| 000 | 00370cam a22001217a 4500 | ||
|---|---|---|---|
| 008 | 180718b2002 xxu||||| |||| 00| 0 eng d | ||
| 020 | _a81 7391 459 1 | ||
| 100 | _aSharma, Yogender Kumar | ||
| 245 |
_aPleto ka Rajdarshan _cby Yogender Kumar Sharma |
||
| 260 |
_aNew Delhi _bKanikha Publisher , Distributer _c2002 |
||
| 300 | _a199p. | ||
| 650 | _aPolitical philosophy-plato | ||
| 999 |
_c438707 _d438707 |
||